[Event "ITA-chT (Women)"]
[Site "Montesilvano"]
[Date "2021.09.25"]
[Round "5.2"]
[White "Lantschner, Carmen"]
[Black "Zimina, Olga"]
[Result "0-1"]
[WhiteElo "1679"]
[BlackElo "2334"]
[PlyCount "66"]
[EventDate "2021.09.22"]
[EventType "team-tourn"]
[EventRounds "7"]
[EventCountry "ITA"]
[SourceTitle "EXT 2023"]
[Source "ChessBase"]
[SourceDate "2022.10.05"]
[SourceVersion "1"]
[SourceVersionDate "2022.10.05"]
[SourceQuality "1"]
[WhiteTeam "Ninfe delle Dolomiti (W)"]
[BlackTeam "Chieti Fischer (W)"]
[WhiteTeamCountry "ITA"]
[BlackTeamCountry "ITA"]

1. e4 c6 2. d4 d5 3. exd5 cxd5 4. Bf4 Qb6 5. b3 Nc6 6. Nf3 Bg4 7. Be2 e6 8. c3 Nf6 9. 0-0 Be7 10. h3 Bf5 11. Nh4 Be4 12. Bd3 0-0 13. Nf3 Rfc8 14. Qe2 Bxf3 15. Qxf3 Nxd4 16. Qe3 Nc6 17. Qxb6 axb6 18. Nd2 Nd7 19. Bb5 Bf6 20. Rfc1 Nce5 21. Rc2 Nc5 22. Bxe5 Bxe5 23. Rac1 Bf4 24. Kf1 Ra5 25. Be2 Ne4 26. Ke1 Nxd2 27. Rxd2 Bxd2+ 28. Kxd2 Rxa2+ 29. Ke1 Kf8 30. c4 Rb2 31. Rc3 b5 32. Kd1 Ra8 33. cxd5 Ra1+ 0-1

[Event "Omegna op-B 2nd"]
[Site "Omegna"]
[Date "2014.08.09"]
[Round "2"]
[White "Lantschner, Carmen"]
[Black "Borghi, Dario"]
[Result "1-0"]
[WhiteElo "1690"]
[BlackElo "1767"]
[PlyCount "89"]
[EventDate "2014.08.08"]
[EventType "swiss"]
[EventRounds "5"]
[EventCountry "ITA"]
[SourceTitle "EXT 2015"]
[Source "ChessBase"]
[SourceDate "2014.11.20"]
[SourceVersion "1"]
[SourceVersionDate "2014.11.20"]
[SourceQuality "1"]

1. e4 e5 2. Nf3 Nc6 3. d4 exd4 4. Bc4 Be7 5. c3 dxc3 6. Nxc3 Nf6 7. 0-0 0-0 8. Qc2 Bc5 9. Bg5 d6 10. Rad1 Bd7 11. Nd5 Nb4 12. Nxb4 Bxb4 13. e5 dxe5 14. Nxe5 Bd6 15. Rfe1 Be6 16. Bxe6 fxe6 17. Ng4 Qd7 18. Nxf6+ gxf6 19. Bh6 Rfe8 20. Re3 Qf7 21. Qb3 Kh8 22. Rh3 b6 23. Bc1 Rg8 24. Rdd3 Rae8 25. Rh6 Qg7 26. g3 Qf7 27. Bd2 Rg6 28. Rh4 Re7 29. Bc3 e5 30. Qa4 a5 31. Rf3 Qe8 32. Qe4 Reg7 33. Rf5 Qe7 34. Rfh5 c5 35. Qa8+ Qf8 36. Qe4 Qb8 37. Bd2 Qb7 38. Qd3 Rd7 39. Qxg6 Bf8 40. Qe8 Kg8 41. Qe6+ Kh8 42. Qxf6+ Bg7 43. Rxh7+ Kg8 44. Rh8+ Bxh8 45. Rxh8# 1-0

[Event "Florence op 6th"]
[Site "Florence"]
[Date "2012.11.03"]
[Round "5"]
[White "Lantschner, Carmen"]
[Black "Pavan, Federico"]
[Result "1/2-1/2"]
[WhiteElo "1662"]
[BlackElo "1696"]
[PlyCount "44"]
[EventDate "2012.11.01"]
[EventType "swiss"]
[EventRounds "7"]
[EventCountry "ITA"]
[SourceTitle "EXT 2014"]
[Source "ChessBase"]
[SourceDate "2013.11.20"]
[SourceVersion "1"]
[SourceVersionDate "2013.11.20"]
[SourceQuality "1"]

1. e4 c6 2. d4 d5 3. exd5 cxd5 4. Nc3 Nf6 5. Bf4 a6 6. Nf3 Bg4 7. Be2 e6 8. Ne5 Bxe2 9. Nxe2 Be7 10. 0-0 0-0 11. b3 Nbd7 12. c4 dxc4 13. bxc4 Nxe5 14. Bxe5 Bd6 15. Bxd6 Qxd6 16. Qd3 Rfd8 17. Rad1 Rac8 18. Rd2 Ng4 19. Ng3 Ne5 20. c5 Nxd3 21. cxd6 Nf4 22. Rb1 b5 1/2-1/2

[Event "Arco op"]
[Site "Arco"]
[Date "2011.12.28"]
[Round "5"]
[White "Fox, Jonas1111"]
[Black "Lantschner, Carmen"]
[Result "0-1"]
[WhiteElo "1641"]
[BlackElo "1493"]
[PlyCount "102"]
[EventDate "2011.12.26"]
[EventType "swiss"]
[EventRounds "7"]
[EventCountry "ITA"]
[SourceTitle "EXT 2023"]
[Source "ChessBase"]
[SourceDate "2022.10.05"]
[SourceVersion "1"]
[SourceVersionDate "2022.10.05"]
[SourceQuality "1"]

1. e4 d6 2. d4 Nf6 3. Nc3 g6 4. Nf3 Bg7 5. h3 c5 6. Be3 cxd4 7. Nxd4 a6 8. Qd2 Nc6 9. Nf3 Be6 10. Bd3 Nd7 11. Ng5 Nc5 12. Nxe6 Nxe6 13. f4 Nc7 14. g4 d5 15. Bb6 dxe4 16. Nxe4 Qc8 17. 0-0-0 Nd5 18. Rhe1 0-0 19. Bf2 Ncb4 20. Bc5 Nxd3+ 21. Qxd3 Nxf4 22. Qf3 Qc7 23. Bxe7 Qxe7 24. Qxf4 Rfd8 25. g5 Rxd1+ 26. Rxd1 Rd8 27. Nf6+ Bxf6 28. gxf6 Rxd1+ 29. Kxd1 Qd8+ 30. Ke2 h5 31. Qe5 Kh7 32. Qe7 Qd5 33. Ke3 g5 34. Qe4+ Qxe4+ 35. Kxe4 Kg6 36. Ke5 g4 37. hxg4 hxg4 38. Kf4 Kxf6 39. Kxg4 Ke5 40. Kf3 Kd4 41. Kf4 b5 42. Kf3 b4 43. Kf4 a5 44. Kf3 a4 45. Ke2 f5 46. Kd2 f4 47. c3+ bxc3+ 48. bxc3+ Kc4 49. Kc2 a3 50. Kd2 f3 51. Ke3 Kxc3 0-1